Top 10 - Paroles de chansons - Google đŸ‡«đŸ‡· - Statistiques

Statistiques générales
  • Ce quiz a Ă©tĂ© pris 45 fois
  • Le rĂ©sultat moyen est 2 sur 10
Statistiques - réponses
Hint Réponse % Correct
6 Anissa
50%
1 Bande organisée
47%
2 Djomb
21%
5 Jerusalema
11%
3 Lettre Ă  une femme
11%
8 Ne reviens pas
11%
10 Jolie Nana
8%
9 Grand Bain
5%
4 Les mots bleus
5%
7 Dance Monkey
3%
Aucun quiz correspondant
Distribution des résultats
% des personnes avec chaque résultat
Percentile par nombre de réponses
Votre historique - résultats
Vous n’avez pas pris ce quiz